LEADER 01200nam a2200289 4500 001 000000343599 003 CaOOAMICUS 005 20210105155601.0 008 210105s2020 vc 000 u ita r 020 $a978-88-465-1273-4 040 $aSeMil$bita 100 1 $aBulgakov, Sergej Nikolaevi?,$d<1871-1944>.$0(OLS)http://semarc/name/7753 240 10$aChristos v mire.$0(OLS)http://semarc/title/432600 245 10$aCristo nel mondo /$cSergej N. Bulgakov . 264 1$aCittą del Vaticano :$bLateran University Press,$c2020. 300 $a113 p. ;$c22 cm 490 1 $aVivae voces ;$v51 500 $aTrad. a cura di Giovanni Guaita 650 4$aTeodicea.$0(OLS)http://semarc/subject/1184 830 0$aVivae voces ;$v51.$0(OLS)http://semarc/title/37435 850 $aSeMil 852 $aSeMil$W1$xVenegono$y1$m2D II 562$j223419$B234624$CSeMilBibl$Z2$F234624 $81 961 $aBrambilla don Paolo - Omaggio 996 $6020$a978-88-465-1273-4$9(OLS)http://semarc/number/291973 996 $6245$aCristo nel mondo$9(OLS)http://semarc/title/432601 996 $6264$aCittą del Vaticano :$bLateran University Press$9(OLS)http://semarc/publisher/34661 LEADER 01079nam a2200205 i 4500 001 000000201843 003 CaOOAMICUS 005 20110507000000.0 008 110507s1966 it u000 u ita u 013 $a180549 040 $aSeMil$bita 245 10$aAspetti metabolici e neuropsichici dell'obesitą infantile :$batti della Accademia Medica Lombarda. Anno 1966. Supplemento straordinario (Volume 21) 260 $a[S.l.] :$bMinerva medica,$cstampa 1966. 300 $a285 p. ;$c25 cm. 500 $aIn mezzo al front : Simposio organizzato dal Centro Auxologico Italiano di Piancavallo sotto gli auspici della Accademia Medica Lombarda. 650 4$aObesitą.$0(OLS)http://semarc/subject/17146 850 $aSeMil 852 $aSeMil$W1$xVenegono$y1$m3W IV 144$j152369$B152369$CSeMilBibl$Z2$F163489 $81 996 $6245$aAspetti metabolici e neuropsichici dell'obesitą infantile :$batti della Accademia Medica Lombarda. Anno 1966. Supplemento straordinario (Volume 21)$9(OLS)http://semarc/title/292141 996 $6260$a[S.l.] :$bMinerva medica$9(OLS)http://semarc/publisher/50806